Návrh opatrení Európskej komisie na vyriešenie súčasnej prehlbujúcej sa menovej krízy v eurozóne

Dlhová kríza, ktorá sa rozrastá na čoraz viacej štátov eurozóny. Kríza bankového sektora a návrhy riešení. Sankčné režimy. Corporate governance. Závislosť na externých ratingoch. Proticyklické kapitálové vankúše.

Guardado en:
Detalles Bibliográficos
Autor principal: Chandoga, Roman
Formato: Capítulo de libro
Lenguaje:eslovaco
Materias:
Etiquetas: Agregar Etiqueta
Sin Etiquetas, Sea el primero en etiquetar este registro!

MARC

LEADER 00000nla$a2200000$$$4500
001 0146495
005 20240502072637.5
041 0 |a slo 
044 |a SK 
245 1 0 |a Návrh opatrení Európskej komisie na vyriešenie súčasnej prehlbujúcej sa menovej krízy v eurozóne  |c Roman Chandoga 
520 |a Dlhová kríza, ktorá sa rozrastá na čoraz viacej štátov eurozóny. Kríza bankového sektora a návrhy riešení. Sankčné režimy. Corporate governance. Závislosť na externých ratingoch. Proticyklické kapitálové vankúše. 
610 2 0 |a eurozóna 
610 2 0 |a kríza menová 
610 2 0 |a banky 
610 2 0 |a kapitál 
610 2 0 |a Európska komisia 
100 1 |a Chandoga, Roman